Online
Catalog

Las visiones de Thomas Mann / (Record no. 2668)

MARC details
000 -CABECERA
campo de control de longitud fija 00904cam a2200265 a 4500
001 - NÚMERO DE CONTROL
campo de control 000002834
005 - FECHA Y HORA DE LA ÚLTIMA TRANSACCIÓN
campo de control 20200929150251.0
008 - DATOS DE LONGITUD FIJA--INFORMACIÓN GENERAL
campo de control de longitud fija 790927s1973 sp b 001 ebspa
040 ## - FUENTE DE LA CATALOGACIÓN
Centro catalogador/agencia de origen DO-SdBNP
Centro/agencia transcriptor DLC
Centro/agencia modificador DLC
082 ## - NÚMERO DE LA CLASIFICACIÓN DECIMAL DEWEY
Número de clasificación PR864.4
Número de documento/Ítem T651v
100 1# - ENTRADA PRINCIPAL--NOMBRE DE PERSONA
Nombre de persona Tollinchi, Esteban.
9 (RLIN) 8974
245 14 - MENCIÓN DE TÍTULO
Título Las visiones de Thomas Mann /
Mención de responsabilidad, etc. Esteban Tollinchi.
260 ## - PUBLICACIÓN, DISTRIBUCIÓN, ETC.
Lugar de publicación, distribución, etc. Barcelona :
Nombre del editor, distribuidor, etc. Universitaria, Universidad de Puerto Rico,
Fecha de publicación, distribución, etc. 1973.
300 ## - DESCRIPCIÓN FÍSICA
Extensión 239 p. ;
Dimensiones 18 cm.
490 1# - MENCIÓN DE SERIE
Mención de serie Estudios literarios
490 1# - MENCIÓN DE SERIE
Mención de serie Uprex
Designación de volumen o secuencia no. 16
504 ## - NOTA DE BIBLIOGRAFÍA, ETC.
Nota de bibliografía, etc. Incluye lista de colecciones
504 ## - NOTA DE BIBLIOGRAFÍA, ETC.
Nota de bibliografía, etc. Incluye índice
504 ## - NOTA DE BIBLIOGRAFÍA, ETC.
Nota de bibliografía, etc. Bibliografía : p. 237-239.
650 #4 - PUNTO DE ACCESO ADICIONAL DE MATERIA--TÉRMINO DE MATERIA
Término de materia o nombre geográfico como elemento de entrada Ensayos puertoriqueños
9 (RLIN) 8975
650 #4 - PUNTO DE ACCESO ADICIONAL DE MATERIA--TÉRMINO DE MATERIA
Término de materia o nombre geográfico como elemento de entrada Literatura puertoriqueñas
9 (RLIN) 8976
600 14 - PUNTO DE ACCESO ADICIONAL DE MATERIA--NOMBRE DE PERSONA
Nombre de persona MANN, THOMAS,
Fechas asociadas al nombre 1875-1955
Subdivisión general CRÍTICA E INTERPRETACIÓN
9 (RLIN) 8977
830 #0 - PUNTO DE ACCESO ADICIONAL DE SERIE-TÍTULO UNIFORME
Título uniforme Estudios literarios,
Nombre de parte o sección de la obra Uprex;
Designación de volumen o secuencia no. 16
9 (RLIN) 8978
910 ## - DATOS DE OPCIÓN DEL USUARIO (OCLC)
Datos de opción del usuario Catalogación por copia / LC
Holdings
Estado de retiro Estado de pérdida Restricciones de uso No para préstamo Código de colección Localización permanente Ubicación/localización actual Ubicación en estantería Fecha de adquisición Número de inventario Total de préstamos Signatura topográfica completa Código de barras Fecha visto por última vez Precio válido a partir de Tipo de ítem Koha
    Préstamo interno   Monografías: Libros y Folletos General General En catalogación 03.07.2009 LF1   PR864.4 T651v 2834-10 25.06.2020 25.06.2020 Préstamo interno

Powered by Koha